| 000 | 00350 a2200109 4500 | ||
|---|---|---|---|
| 020 | _a1844072150 | ||
| 082 | _a363.3493 FEW | ||
| 100 | _aFew, Roger | ||
| 245 |
_aFlood Hazards and Health Responding to Present and Future Risks _cRoger Few, Franziska Matthies |
||
| 260 |
_aLondon : _bEarthscan, _c2006 |
||
| 300 |
_axii, 219p. : _bill ., ; _c25 cm |
||
| 650 | _aFloods -- Health Aspects | ||
| 999 |
_c407 _d407 |
||